| 000 | 00826nam a2200253Ia 4500 | ||
|---|---|---|---|
| 003 | GCL | ||
| 008 | 140319s9999 xx 000 0 ara d | ||
| 020 | _a614208977 | ||
| 040 |
_aGCL / _cGCL |
||
| 082 | 0 | 4 |
_a307.14 _bس ت |
| 100 | 1 | _aسعد طه علام | |
| 245 | 1 | 0 |
_aالتنمية والمجتمع / _cسعد طه علام |
| 250 | _aالاولى | ||
| 260 |
_aالقاهرة : _bمكتبة مدبولى ، _c2006 |
||
| 300 |
_a317 ص ؛ _c24 سم |
||
| 650 | 0 | 4 | _aالتنمية الاجتماعية |
| 650 | 0 | 4 | _aالمرأة فى الحياة العامة |
| 650 | 0 | 4 | _aالتنمية الاقتصادية |
| 650 | 0 | 4 | _aالتنمية الريفية |
| 650 | 0 | 4 | _aالتخطيط الاجتماعى |
| 650 | 0 | 4 | _aالاجتماع الريفى |
| 650 | 0 | 4 | _aالتنمية البشرية |
| 942 |
_2ddc _cBK |
||
| 999 |
_c9527 _d9527 |
||